000 00948nam a22002655i 4500
001 36586
003 BD-RjUL
005 20211209052515.0
008 140707s2012 bg a b 001 0 eng d
020 _a9789845060486
035 _a(BD-RjUL)
040 _aDLC
_beng
_erda
_cBD-RjUL
_dBD-RjUL
041 _aeng
082 _a633.189095492
_bISR 2012
_222
100 0 _aIslam, Zahirul
_9111467
245 1 0 _aRice pests of Bangladesh :
_btheir ecology and management /
_cZahirul Islam, David Catling.
260 _aDhaka, Bangladesh :
_bUniversity Press Ltd.,
_cc2012
300 _axxvi, 422 pages :
_billustrations (some color) ;
_c24 cm
504 _aIncludes bibliographical references (pages 379-389) and index.
650 _aRice
_xDiseases and pests
_zBangladesh
_9111468
650 _aInsect pests
_z Bangladesh.
_9114707
700 1 _aCatling, H. D.
_q(H. David),
_eauthor.
_9111469
942 _2ddc
_cBK
999 _c36586
_d36586